Você deve amar os cães / (Record no. 170)

MARC details
000 -LÍDER
campo de controle de tamanho fixo 01820nam a22003137a 4500
001 - NÚMERO DE CONTROLE
campo de controle 170
003 - IDENTIFICADOR DO NÚMERO DE CONTROLE
campo de controle OSt
005 - DATA E HORÁRIO DA ÚLTIMA TRANSAÇÃO
campo de controle 20250528074013.0
008 - CAMPO DE DADOS FIXOS--INFORMAÇÃO GERAL
campo de controle de tamanho fixo 250130b |||||||g |||| 00| 1 eng d
020 ## - ISBN - INTERNATIONAL STANDARD BOOK NUMBER
ISBN - International Standard Book Number 8571238944
040 ## - FONTE DA CATALOGAÇÃO
Idioma da catalogação por
041 ## - CÓDIGO DE IDIOMA
Código do idioma do original e/ou traduções intermediárias do texto eng
Código do idioma do texto/trilha sonora ou título diferente por
082 ## - CDD - CLASSIFICAÇÃO DECIMAL DE DEWEY
Número de Classificação 813
Número do exemplar C771v
100 1# - ENTRADA PRINCIPAL--NOME PESSOAL
Nome pessoal Cook, Claire,
Datas associadas ao nome 1955-
9 (RLIN) 322
240 ## - TÍTULO UNIFORME
Título uniforme Must love dogs
245 ## - TÍTULO
Título Você deve amar os cães /
Indicação de responsabilidade, etc. Cook, Claire ; Tradução de Gabriela Machado
260 ## - PUBLICAÇÃO, DISTRIBUIÇÃO, ETC.
Local de publicação, distribuição, etc. São Paulo
Nome do editor, distribuidor, etc. Nova Cultural
Data da publicação, distribuição, etc. 2004
300 ## - DESCRIÇÃO FÍSICA
Extensão 287 p.
520 ## - NOTA DE RESUMO, ETC.
Resumo, etc. Após ser trocada por uma mulher mais jovem, a professora Sarah Hurlihy tenta construir uma nova vida. Seu primeiro passo é responder ao anúncio do "homem irremediavelmente romântico" que a esperaria num café, com uma rosa amarela nas mãos. O resultado é chocante: à mesa está a última pessoa que ela imaginaria - ou desejaria - encontar.<br/><br/>O passo seguinte é permitir que sua irmã publique um anúncio pessoal em seu nome descrevendo-a com "voluptosa e sensual". Estava aberto o caminho para um longo cortejo de homens solitários, estranhos e tão mentirosos - pelo menos na sua auto descrição - quanto ela.<br/><br/><br/><br/>Agora Sarah precisa administrar os bizarros pretendentes que pululam ao seu redor, as intromissões de sua adorável família irlandesa e sua própria e gigantesca ansiedade. Tarefas que ela desempenha com doses generosas de humor e auto-ironia, ao mesmo tempo que descobre, espantada, que há romance, paixão e sexo - não necessariamente nessa ordem - após os quarenta anos.
650 #0 - ASSUNTO--TERMO TÓPICO
Cabeçalho tópico ou nome geográfico Literatura Americana
9 (RLIN) 84
650 #0 - ASSUNTO--TERMO TÓPICO
Cabeçalho tópico ou nome geográfico Amor e Paixão
9 (RLIN) 25
650 #0 - ASSUNTO--TERMO TÓPICO
Cabeçalho tópico ou nome geográfico Humor
9 (RLIN) 60
650 #0 - ASSUNTO--TERMO TÓPICO
Cabeçalho tópico ou nome geográfico Animais
9 (RLIN) 59
650 #0 - ASSUNTO--TERMO TÓPICO
Cabeçalho tópico ou nome geográfico Grandes Amizades
9 (RLIN) 28
655 #0 - TERMO DE ÍNDICE--GÊNERO E FORMA
Gênero/forma/ou termo foco Romance
655 #0 - TERMO DE ÍNDICE--GÊNERO E FORMA
Gênero/forma/ou termo foco Ficção
700 ## - ENTRADA ADICIONADA - NOME PESSOAL
Nome pessoal Gabriela Machado
Função do autor por extenso Tradutor
9 (RLIN) 323
942 ## - ELEMENTOS DE ENTRADA ADICIONADOS (KOHA)
Fonte de classificação ou esquema de arquivamento Classificação decimal de Dewey
Ocultar no OPAC Não
Tipo de material Koha Livros
Holdings
Situação do descarte Situação das perdas Fonte de classificação ou esquema de arquivamento Status danificado Não pode ser emprestado Coleção Biblioteca de origem Biblioteca atual Localização na estante Data de aquisição Fonte de aquisição Total de empréstimos Número de chamada completo Código de barras Data de último acesso Data do preço efetivo Tipo de material Koha
    Classificação decimal de Dewey     Ficção Biblioteca Professor Eduardo Afonso de Castro Biblioteca Professor Eduardo Afonso de Castro Literatura Estrangeira 05.12.2016 doação   813 / C771v 2025-15430 30.01.2025 30.01.2025 Livros

Powered by Koha